Leakage assessment for side-channel attacks

Saved in:
Bibliographic Details
Main Author: Farkas, Noémi (Author)
Other Authors: Hou, Xiaolu (Thesis advisor)
Format: Manuscript Book
Language:Slovak
English
Published: 2023
Subjects:
Online Access:http://is.stuba.sk/zp/portal_zp.pl?podrobnosti=154929
Tags: Add Tag
No Tags, Be the first to tag this record!

MARC

LEADER 00000ntm a22000003a 4500
001 stuzp92418
003 SK-STU
005 20230909213106.8
007 ta
008 150427s2015----xo-----f-mn---000-0-slo-d
040 |a STU  |b slo 
041 0 |a eng 
100 1 |a Farkas, Noémi  |u 070400  |4 aut  |U FIIT Fakulta informatiky a informačných technológií  |T FIIT Ústav počítačového inžinierstva a aplikovanej informatiky  |X 102909  |U I400  |Y 672  |7 102909 
242 0 1 |a Detekcia úniku pre bočné kanálové útoky  |y slo 
245 1 0 |a Leakage assessment for side-channel attacks 
260 |c 2023 
650 4 |a bočné kanálové útoky  |2 slo 
650 4 |a AES  |2 slo 
650 4 |a Pearsonov χ2-test  |2 slo 
650 4 |a Welchov t-test  |2 slo 
650 4 |a detekcia úniku  |2 slo 
650 4 |a side-channel attacks  |2 eng 
650 4 |a AES  |2 eng 
650 4 |a Pearson’s χ2-test  |2 eng 
650 4 |a Welch’s t-test  |2 eng 
650 4 |a leakage detection  |2 eng 
700 1 |a Hou, Xiaolu  |u 070400  |k Z2  |4 ths  |U FIIT Fakulta informatiky a informačných technológií  |T FIIT Ústav počítačového inžinierstva a aplikovanej informatiky  |X 114118  |U I400  |Y 672  |7 114118 
856 4 |u http://is.stuba.sk/zp/portal_zp.pl?podrobnosti=154929